000 aam a22 a 4500
999 _c323191
_d323191
003 BLK
005 20201007040442.0
008 181015b bu ||||| |||| 00| 0 bu d
020 _a9786197206579
040 _aBLK
041 _aBUL
_cBUL
080 _aБългарска литература
_b821.163.2
_x-32
_z821.163.2-32
100 _aСамарянска, Зорница
_eпърви автор
_91299
139 _aСамарянска, Зорница
_bС 16
245 _aПодмолите на времето
_bПовести
260 _bЕкобелан
_c2017
_aАсеновград
300 _a112 с.
_c20 см
380 _aX
500 _aИстинското име на авт. - Милена Митева.
700 _aМитева, Милена
_eпърви автор
_91299
852 _aЦб 293190
942 _cKNG
_2udc
_n0
_02
999 _d323191
999 _d323191
999 _d323191